Pokémon ayant une évolution spéciale - Statistiques

Statistiques générales
  • Ce quiz a été pris 620 fois
    423 depuis la dernière actualisation
  • Le résultat moyen est 75 sur 127
Statistiques - réponses
Condition(s) Pokémon % Correct
134 Pierre Eau Aquali
97%
475 Pokémon mâle + Pierre Aube Gallame
95%
136 Pierre Feu Pyroli
94%
135 Pierre Foudre Voltali
93%
466 Echange + Electiriseur Elékable
90%
471 +1 Niveau près de Pierre Glacée ou Pierre Glace (8G) Givrali
90%
467 Echange + Magmariseur Maganon
90%
197 Bonheur + Nuit Noctali
90%
196 Bonheur + Jour Mentali
89%
470 +1 Niveau près de Pierre Mousse ou Pierre Plante (8G) Phyllali
89%
026 Pierre Foudre Raichu
87%
478 Pokémon femelle + Pierre Aube Momartik
86%
474 Echange + CD Douteux Porygon-Z
86%
059 Pierre Feu Arcanin
85%
700 2 coeurs d'affection Pokérécré + 1 Niveau + Attaque Fée ou Bonheur + Attaque Fée (8G) Nymphali
85%
208 Echange + Peau Métal Steelix
85%
036 Pierre Lune Mélodelfe
84%
233 Echange + Améliorator Porygon2
84%
199 Echange + Roche Royale Roigada
84%
038 Pierre Feu Feunard
83%
212 Echange + Peau Métal Cizayox
82%
068 Echange Mackogneur
81%
461 +1 Niveau tenant Griffe Rasoir Dimoret
80%
094 Echange Ectoplasma
80%
350 Echange + Bel'Ecaille ou Beauté >ou= 170 Milobellus
80%
186 Echange + Roche Royale Tarpaud
80%
062 Pierre Eau Tartard
79%
065 Echange Alakazam
78%
230 Echange + Ecaille Draco Hyporoi
78%
040 Pierre Lune Grodoudou
77%
477 Echange + Tissu Fauche Noctunoir
77%
464 Echange + Protecteur Rhinastoc
77%
462 +1 Niveau dans un lieu indiqué Magnézone
76%
368 Echange + Ecaille Océan Rosabyss
76%
107 Niveau 20 + Défense > Attaque Tygnon
76%
113 +1 Niveau tenant Pierre Ovale Leveinard
75%
617 Echange avec Carabing Limaspeed
75%
367 Echange + Dent Océan Serpang
75%
237 Niveau 20 + Attaque = Défense Kapoera
74%
106 Niveau 20 + Attaque > Défense Kicklee
74%
589 Echange avec Escargaume Lançargot
74%
034 Pierre Lune Nidoking
74%
182 Pierre Soleil Joliflor
73%
031 Pierre Lune Nidoqueen
73%
045 Pierre Plante Rafflésia
73%
468 Pierre Eclat Togekiss
73%
076 Echange Grolem
70%
242 Bonheur Leuphorie
70%
687 +1 Niveau + 3DS ou 2DS à l'envers Sépiatroce
70%
226 +1 Niveau + Remoraid dans l'équipe Démanta
69%
472 +1 Niveau tenant Croc Rasoir Scorvol
69%
430 Pierre Nuit Corboss
67%
121 Pierre Eau Staross
67%
429 Pierre Nuit Magirêve
66%
035 Bonheur Mélofée
66%
292 +1 Niveau + Emplacement libre dans l'équipe+ PokéBall libre Munja
66%
448 Bonheur + Jour Lucario
63%
025 Bonheur Pikachu
63%
473 En connaissant Pouvoir Antique Mammochon
62%
122 En connaissant Copie M.Mime
62%
039 Bonheur Rondoudou
62%
476 +1 Niveau dans un lieu indiqué Tarinorme
62%
185 En connaissant Copie Simularbre
61%
424 En connaissant Coup Double Capidextre
60%
091 Pierre Eau Crustabri
60%
071 Pierre Plante Empiflor
60%
272 Pierre Eau Ludicolo
60%
465 En connaissant Pouvoir Antique Bouldeneu
59%
469 En connaissant Pouvoir Antique Yanméga
57%
685 Echange + Chantibonbon Cupcanaille
56%
706 Niveau 50 + Pluie Muplodocus
55%
143 Bonheur Ronflex
55%
407 Pierre Eclat Roserade
55%
416 Niveau 21 + Femelle Apireine
54%
463 En connaissant Roulade Coudlangue
54%
683 Echange + Sachet Senteur Cocotine
53%
842 Pomme Sucrée Dratatin
53%
192 Pierre Soleil Héliatronc
53%
865 Mettre 3 Coups Critiques dans un même combat Palarticho
53%
514 Pierre Feu Flamoutan
52%
516 Pierre Eau Flotoutan
52%
169 Bonheur Nostenfer
52%
841 Pomme Acidulée Pomdrapi
52%
176 Bonheur Togetic
52%
869 Objet en sucre + Tourner sur soi-même Charmilly
48%
512 Pierre Plante Feuiloutan
48%
609 Pierre Nuit Lugulabre
48%
266 Niveau 7 + Valeur interne personnelle Armulys
47%
268 Niveau 7 + Valeur interne personelle Blindalys
47%
275 Pierre Plante Tengalice
47%
867 Perdre 49 PV + marcher sous l'arche de pierre de la Fosse des Sables Tutétékri
47%
103 Pierre Plante Noadkoko
46%
038 Pierre Glace Feunard d'Alola
45%
534 Echange Bétochef
44%
675 +1 Niveau + Pokémon Ténèbres dans l'équipe Pandarbare
44%
549 Pierre Soleil Fragilady
43%
758 Niveau 33 + Femelle Malamandre
43%
414 Niveau 20 + Mâle Papilord
43%
604 Pierre Foudre Ohmassacre
42%
028 Pierre Glace Sablaireau d'Alola
42%
413 Niveau 20 + Femelle Cheniselle
41%
855 Théière Fêlée ou Théière Ébréchée Polthégeist
41%
738 +1 Niveau dans un lieu indiqué Lucanon
39%
681 Pierre Nuit Exagide
37%
547 Pierre Soleil Farfaduvet
37%
526 Echange Gigalithe
37%
695 Pierre Soleil Iguolta
37%
573 Pierre Eclat Pashmilla
37%
315 Bonheur + Jour Rosélia
37%
358 Bonheur + Nuit Eoko
35%
518 Pierre Lune Mushana
34%
763 En connaissant Ecrasement Sucreine
34%
301 Pierre Lune Delcatty
33%
183 Bonheur Marill
31%
709 Echange Desséliande
30%
428 Bonheur Lockpin
30%
711 Echange Banshitrouye
28%
053 Bonheur Persian (d'Alola)
27%
671 Pierre Eclat Florges
26%
804 En connaissant Dracochoc Mandrillon
21%
862 Niveau 35 + Nuit Ixon
20%
542 Bonheur Manternel
20%
740 +1 Niveau dans un lieu indiqué Crabominable
19%
528 Bonheur Rhinolove
18%
773 Bonheur Silvallié
16%
873 Bonheur + Nuit Beldeneige
15%
853 En connaissant Provoc Krakos
15%
Aucun quiz correspondant
Distribution des résultats
% des personnes avec chaque résultat
Percentile par nombre de réponses
Votre historique - résultats
Vous n’avez pas pris ce quiz depuis la dernière actualisation